<?xml version="1.0" encoding="UTF-8"?>
<record
    xmlns:xsi="http://www.w3.org/2001/XMLSchema-instance"
    xsi:schemaLocation="http://www.loc.gov/MARC21/slim http://www.loc.gov/standards/marcxml/schema/MARC21slim.xsd"
    xmlns="http://www.loc.gov/MARC21/slim">

  <leader>00866nam a2200229 a 4500</leader>
  <controlfield tag="001">25732</controlfield>
  <controlfield tag="003">CO-ViMGA</controlfield>
  <controlfield tag="008">141112s2004    ck      r     000 u spa d</controlfield>
  <datafield tag="020" ind1=" " ind2=" ">
    <subfield code="a">9789588613901</subfield>
  </datafield>
  <datafield tag="040" ind1=" " ind2=" ">
    <subfield code="a">CO-ViMGA</subfield>
    <subfield code="b">spa</subfield>
    <subfield code="c">CO-ViMGA</subfield>
  </datafield>
  <datafield tag="041" ind1=" " ind2=" ">
    <subfield code="a">SPA</subfield>
  </datafield>
  <datafield tag="082" ind1="0" ind2="4">
    <subfield code="a">986.1 E76p</subfield>
  </datafield>
  <datafield tag="100" ind1="1" ind2=" ">
    <subfield code="a">Espa&#xF1;a Arenas, Gonzalo, 1945 - </subfield>
    <subfield code="9">39703</subfield>
  </datafield>
  <datafield tag="245" ind1="1" ind2="0">
    <subfield code="a">El pa&#xED;s que se hizo a tiros : </subfield>
    <subfield code="b">guerras civiles colombianas (1810 - 1903) / </subfield>
    <subfield code="c">Gonzalo Espa&#xF1;a</subfield>
  </datafield>
  <datafield tag="250" ind1=" " ind2=" ">
    <subfield code="a">1a ed., 1a reimpr.</subfield>
  </datafield>
  <datafield tag="260" ind1=" " ind2=" ">
    <subfield code="a">Bogot&#xE1; : </subfield>
    <subfield code="b">Debate, </subfield>
    <subfield code="c">2013</subfield>
  </datafield>
  <datafield tag="300" ind1=" " ind2=" ">
    <subfield code="a">264 p.</subfield>
  </datafield>
  <datafield tag="500" ind1=" " ind2=" ">
    <subfield code="a">Incluye bibliograf&#xED;a</subfield>
  </datafield>
  <datafield tag="610" ind1=" " ind2=" ">
    <subfield code="a">GUERRA DE LOS MIL DIAS, 1899 - 1903</subfield>
    <subfield code="9">39704</subfield>
  </datafield>
  <datafield tag="651" ind1=" " ind2=" ">
    <subfield code="a">COLOMBIA - HISTORIA MILITAR - 1810 - 1903 / COLOMBIA - HISTORIA - 1810 - 1903 / COLOMBIA - HISTORIA - GUERRAS CIVILES, 1830 - 1902 / COLOMBIA - HISTORIA - GUERRA DE INDEPENDENCIA, 1810 - 1819</subfield>
    <subfield code="9">39705</subfield>
  </datafield>
  <datafield tag="942" ind1=" " ind2=" ">
    <subfield code="2">ddc</subfield>
    <subfield code="c">BK</subfield>
  </datafield>
  <datafield tag="999" ind1=" " ind2=" ">
    <subfield code="c">5299</subfield>
    <subfield code="d">5299</subfield>
  </datafield>
  <datafield tag="952" ind1=" " ind2=" ">
    <subfield code="0">0</subfield>
    <subfield code="1">0</subfield>
    <subfield code="2">ddc</subfield>
    <subfield code="4">0</subfield>
    <subfield code="7">0</subfield>
    <subfield code="8">GEN</subfield>
    <subfield code="a">MEGRANAD</subfield>
    <subfield code="b">MEGRANAD</subfield>
    <subfield code="c">GEO</subfield>
    <subfield code="d">2022-11-11</subfield>
    <subfield code="l">0</subfield>
    <subfield code="o">986.1</subfield>
    <subfield code="p">GRA10554</subfield>
    <subfield code="r">2022-11-11 00:00:00</subfield>
    <subfield code="t">Ej.1</subfield>
    <subfield code="w">2022-11-11</subfield>
    <subfield code="y">BK</subfield>
  </datafield>
  <datafield tag="952" ind1=" " ind2=" ">
    <subfield code="0">0</subfield>
    <subfield code="1">0</subfield>
    <subfield code="2">ddc</subfield>
    <subfield code="4">0</subfield>
    <subfield code="7">0</subfield>
    <subfield code="8">GEN</subfield>
    <subfield code="a">MEDORADO</subfield>
    <subfield code="b">MEDORADO</subfield>
    <subfield code="c">GEN</subfield>
    <subfield code="d">2023-01-27</subfield>
    <subfield code="l">0</subfield>
    <subfield code="o">986.1 E76p</subfield>
    <subfield code="p">DOR01074</subfield>
    <subfield code="r">2023-01-27 00:00:00</subfield>
    <subfield code="t">Ej.1</subfield>
    <subfield code="w">2023-01-27</subfield>
    <subfield code="y">BK</subfield>
  </datafield>
  <datafield tag="952" ind1=" " ind2=" ">
    <subfield code="0">0</subfield>
    <subfield code="1">0</subfield>
    <subfield code="2">ddc</subfield>
    <subfield code="4">0</subfield>
    <subfield code="7">0</subfield>
    <subfield code="8">GEN</subfield>
    <subfield code="a">MEPRICO</subfield>
    <subfield code="b">MEPRICO</subfield>
    <subfield code="c">GEN</subfield>
    <subfield code="d">2023-04-11</subfield>
    <subfield code="l">0</subfield>
    <subfield code="o">986.1 E76p</subfield>
    <subfield code="p">PR00000912</subfield>
    <subfield code="r">2023-04-11 00:00:00</subfield>
    <subfield code="t">Ej.1</subfield>
    <subfield code="w">2023-04-11</subfield>
    <subfield code="y">BK</subfield>
  </datafield>
  <datafield tag="952" ind1=" " ind2=" ">
    <subfield code="0">0</subfield>
    <subfield code="1">0</subfield>
    <subfield code="2">ddc</subfield>
    <subfield code="4">0</subfield>
    <subfield code="7">0</subfield>
    <subfield code="8">GEN</subfield>
    <subfield code="a">MEGUAMAL</subfield>
    <subfield code="b">MEGUAMAL</subfield>
    <subfield code="c">GEN</subfield>
    <subfield code="d">2023-04-21</subfield>
    <subfield code="l">0</subfield>
    <subfield code="o">986.1  E76p</subfield>
    <subfield code="p">GUA003321</subfield>
    <subfield code="r">2023-04-21 00:00:00</subfield>
    <subfield code="t">Ej.1</subfield>
    <subfield code="w">2023-04-21</subfield>
    <subfield code="y">BK</subfield>
  </datafield>
  <datafield tag="952" ind1=" " ind2=" ">
    <subfield code="0">0</subfield>
    <subfield code="1">0</subfield>
    <subfield code="2">ddc</subfield>
    <subfield code="4">0</subfield>
    <subfield code="7">0</subfield>
    <subfield code="8">GEN</subfield>
    <subfield code="a">MEPLLERAS</subfield>
    <subfield code="b">MEPLLERAS</subfield>
    <subfield code="c">GEN</subfield>
    <subfield code="d">2023-05-18</subfield>
    <subfield code="l">0</subfield>
    <subfield code="o">986.1 E76p</subfield>
    <subfield code="p">PLL00373</subfield>
    <subfield code="r">2023-05-18 00:00:00</subfield>
    <subfield code="t">Ej.1</subfield>
    <subfield code="w">2023-05-18</subfield>
    <subfield code="y">BK</subfield>
  </datafield>
  <datafield tag="952" ind1=" " ind2=" ">
    <subfield code="0">0</subfield>
    <subfield code="1">0</subfield>
    <subfield code="2">ddc</subfield>
    <subfield code="4">0</subfield>
    <subfield code="7">0</subfield>
    <subfield code="8">GEN</subfield>
    <subfield code="a">MEFTEORO</subfield>
    <subfield code="b">MEFTEORO</subfield>
    <subfield code="c">GEN</subfield>
    <subfield code="d">2023-05-23</subfield>
    <subfield code="l">0</subfield>
    <subfield code="o">986.1 E76p</subfield>
    <subfield code="p">Fo0000775</subfield>
    <subfield code="r">2023-05-23 00:00:00</subfield>
    <subfield code="t">Ej.1</subfield>
    <subfield code="w">2023-05-23</subfield>
    <subfield code="y">BK</subfield>
  </datafield>
  <datafield tag="952" ind1=" " ind2=" ">
    <subfield code="0">0</subfield>
    <subfield code="1">0</subfield>
    <subfield code="2">ddc</subfield>
    <subfield code="4">0</subfield>
    <subfield code="7">0</subfield>
    <subfield code="8">GEN</subfield>
    <subfield code="a">MESARAMA</subfield>
    <subfield code="b">MESARAMA</subfield>
    <subfield code="c">GEN</subfield>
    <subfield code="d">2023-05-24</subfield>
    <subfield code="l">0</subfield>
    <subfield code="o">986.1 E76p</subfield>
    <subfield code="p">SJA00042</subfield>
    <subfield code="r">2023-05-24 00:00:00</subfield>
    <subfield code="t">Ej.1</subfield>
    <subfield code="w">2023-05-24</subfield>
    <subfield code="y">BK</subfield>
  </datafield>
  <datafield tag="952" ind1=" " ind2=" ">
    <subfield code="0">0</subfield>
    <subfield code="1">0</subfield>
    <subfield code="2">ddc</subfield>
    <subfield code="4">0</subfield>
    <subfield code="7">0</subfield>
    <subfield code="8">GEN</subfield>
    <subfield code="a">MESARAMA</subfield>
    <subfield code="b">MESARAMA</subfield>
    <subfield code="c">GEN</subfield>
    <subfield code="d">2023-05-29</subfield>
    <subfield code="l">0</subfield>
    <subfield code="o">986.1 E76p</subfield>
    <subfield code="p">SJA00065</subfield>
    <subfield code="r">2023-05-29 00:00:00</subfield>
    <subfield code="t">Ej.1</subfield>
    <subfield code="w">2023-05-29</subfield>
    <subfield code="y">BK</subfield>
  </datafield>
  <datafield tag="952" ind1=" " ind2=" ">
    <subfield code="0">0</subfield>
    <subfield code="1">0</subfield>
    <subfield code="2">ddc</subfield>
    <subfield code="4">0</subfield>
    <subfield code="7">0</subfield>
    <subfield code="8">GEN</subfield>
    <subfield code="a">MECASTIL</subfield>
    <subfield code="b">MECASTIL</subfield>
    <subfield code="c">GEN</subfield>
    <subfield code="d">2023-08-16</subfield>
    <subfield code="l">0</subfield>
    <subfield code="o">986.1 E76p</subfield>
    <subfield code="p">EC01377</subfield>
    <subfield code="r">2023-08-16 20:59:35</subfield>
    <subfield code="t">Ej.1</subfield>
    <subfield code="w">2023-08-16</subfield>
    <subfield code="y">BK</subfield>
  </datafield>
  <datafield tag="952" ind1=" " ind2=" ">
    <subfield code="0">0</subfield>
    <subfield code="1">0</subfield>
    <subfield code="2">ddc</subfield>
    <subfield code="4">0</subfield>
    <subfield code="7">0</subfield>
    <subfield code="8">001</subfield>
    <subfield code="a">MEVIGACOM</subfield>
    <subfield code="b">MEVIGACOM</subfield>
    <subfield code="d">2015-12-04</subfield>
    <subfield code="h">29/ago/2014</subfield>
    <subfield code="l">0</subfield>
    <subfield code="o">986.1 E76p </subfield>
    <subfield code="p">27028</subfield>
    <subfield code="r">2015-12-04 00:00:00</subfield>
    <subfield code="t">Ej. 2</subfield>
    <subfield code="w">2015-12-04</subfield>
    <subfield code="y">BK</subfield>
  </datafield>
  <datafield tag="952" ind1=" " ind2=" ">
    <subfield code="0">1</subfield>
    <subfield code="1">4</subfield>
    <subfield code="2">ddc</subfield>
    <subfield code="4">0</subfield>
    <subfield code="7">0</subfield>
    <subfield code="8">003</subfield>
    <subfield code="a">MEVIECAR</subfield>
    <subfield code="b">MEVIECAR</subfield>
    <subfield code="d">2015-12-04</subfield>
    <subfield code="h">10/jul/2014</subfield>
    <subfield code="l">2</subfield>
    <subfield code="m">1</subfield>
    <subfield code="o">986.1 E76p </subfield>
    <subfield code="p">26793</subfield>
    <subfield code="r">2018-02-26 00:00:00</subfield>
    <subfield code="s">2018-02-13</subfield>
    <subfield code="t">Ej. 1</subfield>
    <subfield code="w">2015-12-04</subfield>
    <subfield code="y">BK</subfield>
  </datafield>
  <datafield tag="952" ind1=" " ind2=" ">
    <subfield code="0">0</subfield>
    <subfield code="1">0</subfield>
    <subfield code="2">ddc</subfield>
    <subfield code="4">0</subfield>
    <subfield code="7">0</subfield>
    <subfield code="8">GEN</subfield>
    <subfield code="a">MEMAPIRI</subfield>
    <subfield code="b">MEMAPIRI</subfield>
    <subfield code="c">GEN</subfield>
    <subfield code="d">2024-01-11</subfield>
    <subfield code="l">0</subfield>
    <subfield code="o">986.1 E76p</subfield>
    <subfield code="p">MAP00001707</subfield>
    <subfield code="r">2024-01-11 15:05:18</subfield>
    <subfield code="t">Ej.1</subfield>
    <subfield code="w">2024-01-11</subfield>
    <subfield code="y">BK</subfield>
  </datafield>
  <datafield tag="952" ind1=" " ind2=" ">
    <subfield code="0">0</subfield>
    <subfield code="1">0</subfield>
    <subfield code="2">ddc</subfield>
    <subfield code="4">0</subfield>
    <subfield code="7">0</subfield>
    <subfield code="8">GEN</subfield>
    <subfield code="a">MESMARTI</subfield>
    <subfield code="b">MESMARTI</subfield>
    <subfield code="c">GEN</subfield>
    <subfield code="d">2024-03-18</subfield>
    <subfield code="l">0</subfield>
    <subfield code="o">986.1 E76p	</subfield>
    <subfield code="p">SM03384</subfield>
    <subfield code="r">2024-03-18 13:30:39</subfield>
    <subfield code="t">Ej.1</subfield>
    <subfield code="w">2024-03-18</subfield>
    <subfield code="y">BK</subfield>
  </datafield>
  <datafield tag="952" ind1=" " ind2=" ">
    <subfield code="0">0</subfield>
    <subfield code="1">0</subfield>
    <subfield code="2">ddc</subfield>
    <subfield code="4">0</subfield>
    <subfield code="7">0</subfield>
    <subfield code="a">MEVHERMO</subfield>
    <subfield code="b">MEVHERMO</subfield>
    <subfield code="d">2024-06-13</subfield>
    <subfield code="k">986.1 E76p </subfield>
    <subfield code="l">0</subfield>
    <subfield code="o">986.1</subfield>
    <subfield code="p">VIST 0001303</subfield>
    <subfield code="r">2024-06-13 15:13:37</subfield>
    <subfield code="t">Ej.1</subfield>
    <subfield code="w">2024-06-13</subfield>
    <subfield code="y">BK</subfield>
  </datafield>
  <datafield tag="952" ind1=" " ind2=" ">
    <subfield code="0">0</subfield>
    <subfield code="1">0</subfield>
    <subfield code="2">ddc</subfield>
    <subfield code="4">0</subfield>
    <subfield code="7">0</subfield>
    <subfield code="8">GEN</subfield>
    <subfield code="a">MECUMARA</subfield>
    <subfield code="b">MECUMARA</subfield>
    <subfield code="c">LIT</subfield>
    <subfield code="d">2024-07-30</subfield>
    <subfield code="l">0</subfield>
    <subfield code="o">986.1E76p</subfield>
    <subfield code="p">CUM1353</subfield>
    <subfield code="r">2024-07-30 09:01:13</subfield>
    <subfield code="t">Ej.1</subfield>
    <subfield code="w">2024-07-30</subfield>
    <subfield code="y">BK</subfield>
  </datafield>
  <datafield tag="952" ind1=" " ind2=" ">
    <subfield code="0">0</subfield>
    <subfield code="1">0</subfield>
    <subfield code="2">ddc</subfield>
    <subfield code="4">0</subfield>
    <subfield code="7">0</subfield>
    <subfield code="8">GEN</subfield>
    <subfield code="a">MEURIBE</subfield>
    <subfield code="b">MEURIBE</subfield>
    <subfield code="c">GEN</subfield>
    <subfield code="d">2024-09-25</subfield>
    <subfield code="l">0</subfield>
    <subfield code="o">986.1 E76p</subfield>
    <subfield code="p">URI01345</subfield>
    <subfield code="r">2024-09-25 12:07:06</subfield>
    <subfield code="t">Ej.1</subfield>
    <subfield code="w">2024-09-25</subfield>
    <subfield code="y">BK</subfield>
  </datafield>
  <datafield tag="952" ind1=" " ind2=" ">
    <subfield code="0">0</subfield>
    <subfield code="1">0</subfield>
    <subfield code="4">0</subfield>
    <subfield code="7">0</subfield>
    <subfield code="8">001</subfield>
    <subfield code="a">MEVIGERR</subfield>
    <subfield code="b">MEVIGERR</subfield>
    <subfield code="c">GEN</subfield>
    <subfield code="d">2015-02-04</subfield>
    <subfield code="o">986.1 E76p</subfield>
    <subfield code="p">ECA23357</subfield>
    <subfield code="r">2024-11-26 09:06:01</subfield>
    <subfield code="t">Ej.1</subfield>
    <subfield code="w">2024-11-26</subfield>
    <subfield code="y">BK</subfield>
    <subfield code="z">17799 | 22799</subfield>
  </datafield>
  <datafield tag="952" ind1=" " ind2=" ">
    <subfield code="0">0</subfield>
    <subfield code="1">0</subfield>
    <subfield code="2">ddc</subfield>
    <subfield code="4">0</subfield>
    <subfield code="7">0</subfield>
    <subfield code="8">GEN</subfield>
    <subfield code="a">MEPLOPEZ</subfield>
    <subfield code="b">MEPLOPEZ</subfield>
    <subfield code="c">GEN</subfield>
    <subfield code="d">2025-09-19</subfield>
    <subfield code="l">0</subfield>
    <subfield code="o">986.1 E76p</subfield>
    <subfield code="p">PLZ03204</subfield>
    <subfield code="r">2025-09-19 13:34:23</subfield>
    <subfield code="t">Ej.1</subfield>
    <subfield code="w">2025-09-19</subfield>
    <subfield code="y">BK</subfield>
  </datafield>
  <datafield tag="952" ind1=" " ind2=" ">
    <subfield code="0">0</subfield>
    <subfield code="1">0</subfield>
    <subfield code="2">ddc</subfield>
    <subfield code="4">0</subfield>
    <subfield code="7">0</subfield>
    <subfield code="8">GEN</subfield>
    <subfield code="a">MEPLOPEZ</subfield>
    <subfield code="b">MEPLOPEZ</subfield>
    <subfield code="c">GEN</subfield>
    <subfield code="d">2025-09-19</subfield>
    <subfield code="l">0</subfield>
    <subfield code="o">986.1 E76p</subfield>
    <subfield code="p">PLZ03988</subfield>
    <subfield code="r">2025-09-19 14:22:00</subfield>
    <subfield code="t">Ej.2</subfield>
    <subfield code="w">2025-09-19</subfield>
    <subfield code="y">BK</subfield>
  </datafield>
  <datafield tag="952" ind1=" " ind2=" ">
    <subfield code="0">0</subfield>
    <subfield code="1">0</subfield>
    <subfield code="2">lcc</subfield>
    <subfield code="4">0</subfield>
    <subfield code="7">0</subfield>
    <subfield code="8">GEN</subfield>
    <subfield code="a">MEPCONCO</subfield>
    <subfield code="b">MEPCONCO</subfield>
    <subfield code="c">GEN</subfield>
    <subfield code="d">2026-03-11</subfield>
    <subfield code="l">0</subfield>
    <subfield code="o">986.1 E76p</subfield>
    <subfield code="p">PCON02600</subfield>
    <subfield code="r">2026-03-11 21:09:14</subfield>
    <subfield code="t">Ej.1</subfield>
    <subfield code="w">2026-03-11</subfield>
    <subfield code="y">BK</subfield>
  </datafield>
</record>
